Statistiken für Erfolgreichste Ski-Nationen Weltweit nach Weltcupsiegen

Klicken Sie hier um das Quiz zu spielen!

Allgemein

  • Dieses Quiz wurde 158 mal gespielt
  • Das Durchschnittsergebnis liegt bei 16 aus 19

Antwortstatistiken

HintAntwort% Korrekt
490Österreich
100%
143Norwegen
99%
266Schweiz
99%
118
Schweden
97%
178Italien
97%
43Deutschland
96%
136Frankreich
96%
126USA
96%
14Finnland
94%
37Kanada
93%
6Russland
88%
24Slowenien
84%
1Polen
79%
1Spanien
79%
24Liechtenstein
68%
26Kroatien
67%
46Luxemburg
55%
2Australien
46%
1Bulgarien
33%

Verteilung der Resultate

Perzentil nach korrekt beantworteten Fragen

Anzahl Personen mit jedem Resultat

Ihre Resultats-Entwicklung

Sie haben dieses Quiz noch nicht gespielt